000 00356nam a22001331a 4500
020 _a9788170208013
082 _a306.83
_bCHA/K
245 _aKinship:
_bcontemporary perspective/
_cby Channa S M (ed.)
260 _aNew Delhi:
_bCosmo,
_c1998.
300 _a281p.
650 _aKinship South India
_9117934
650 _aSocial Sciences
_9117935
942 _cBK
999 _c24274
_d24274